Poemas olvidados / (Record no. 170020)

MARC details
000 -LEADER
campo de control de longitud fija 00748nam a22002055i 4500
001 - NÚMERO DE CONTROL
campo de control 170020
003 - IDENTIFICADOR DE NÚMERO DE CONTROL
campo de control ES-MaACL
005 - FECHA Y HORA DE LA ÚLTIMA TRANSACCIÓN
campo de control 20240521124637.0
008 - DATOS DE LONGITUD FIJA--INFORMACIÓN GENERAL
campo de control de longitud fija 090114s1991 sp |||| | spa d
080 ## - NÚMERO DE LA CLASIFICACIÓN DECIMAL UNIVERSAL
Número de la Clasificación Decimal Universal 821.134.2-14"19"
100 1# - ENTRADA PRINCIPAL--NOMBRE DE PERSONA
Nombre de persona Cano, José Luis,
Fechas asociadas al nombre 1912-1999
9 (RLIN) 34532
245 10 - MENCIÓN DEL TÍTULO
Título Poemas olvidados /
Mención de responsabilidad, etc. José Luis Cano ; introducción Manuel Alvar ; dibujos Eduardo Carretero ... [et al.] ; cartas María Zambrano.
260 ## - PUBLICACIÓN, DISTRIBUCIÓN, ETC.
Lugar de publicación, distribución, etc. Vélez-Málaga :
Nombre del editor, distribuidor, etc. Arte y Cultura,
Fecha de publicación, distribución, etc. 1991.
300 ## - DESCRIPCIÓN FÍSICA
Extensión 35 p. :
Otras características físicas il. ;
Dimensiones 25 cm.
700 1# - ENTRADA AGREGADA--NOMBRE PERSONAL
Nombre de persona Alvar, Manuel,
Fechas asociadas al nombre 1923-2001
9 (RLIN) 20583
700 0# - ENTRADA AGREGADA--NOMBRE PERSONAL
Nombre de persona Carretero, Eduardo.
9 (RLIN) 35712
700 1# - ENTRADA AGREGADA--NOMBRE PERSONAL
Nombre de persona Zambrano, María,
Fechas asociadas al nombre 1904-1991
9 (RLIN) 117914
852 ## - LOCALIZACIÓN
Ubicación ES-MaACL
Número de control de estantería 2240-F-11
itemnumber R.143600
Holdings
Estatus retirado Estado de pérdida Estado de daño No para préstamo Colección Biblioteca de origen Biblioteca actual Ubicación en estantería Fecha de adquisición Fuente de adquisición Total de préstamos Signatura topográfica completa Código de barras Visto por última vez Precio de reemplazo Tipo de ítem Koha
        Colección de folletos Biblioteca del Ateneo de Madrid Biblioteca del Ateneo de Madrid Depósito folletos 14/01/2009     2240-F-11 1178492 23/02/2023 23/02/2023 Folleto